Social psychology: unraveling the mystery. (2nd ed.) (Record no. 32722)

MARC details
000 -LEADER
fixed length control field 00695nam a2200169 a 4500
008 - FIXED-LENGTH DATA ELEMENTS--GENERAL INFORMATION
fixed length control field 140314s2002 ||||||||||||||||| || u
020 ## - INTERNATIONAL STANDARD BOOK NUMBER
International Standard Book Number 9780205332977
050 ## - LIBRARY OF CONGRESS CALL NUMBER
Classification number HM 1033 Ken
100 ## - MAIN ENTRY--PERSONAL NAME
Personal name Kenrick, Douglas T
245 10 - TITLE STATEMENT
Title Social psychology: unraveling the mystery. (2nd ed.)
Statement of responsibility, etc. By Douglas T. Kenrick, Steven L. Neuberg and Robert B. Cialdini
250 ## - EDITION STATEMENT
Edition statement 2nd ed.
260 ## - PUBLICATION, DISTRIBUTION, ETC.
Place of publication, distribution, etc. Boston:
Name of publisher, distributor, etc. Pearson Education, Inc
Date of publication, distribution, etc. 2002
300 ## - PHYSICAL DESCRIPTION
Extent xxi, 642p.: ill.
650 #0 - SUBJECT ADDED ENTRY--TOPICAL TERM
Topical term or geographic name entry element SOCIAL PSYCHOLOGY
700 ## - ADDED ENTRY--PERSONAL NAME
Personal name Neuberg, Steven L
995 ## -
-- MEDICAL LIBRARY OPEN ACCESS
-- 902374
-- CBU-SCHOOL OF MEDICINE LIBRARY (Ndola)
-- HM 1033 Ken
-- 1
-- AVAILABLE
-- Mar 20, 2014
-- 902374
-- Medical Library Open Access Collection
999 ## -
-- 32722
-- 32722
Holdings
Withdrawn status Lost status Source of classification or shelving scheme Damaged status Not for loan Permanent Location Current Location Shelving location Date acquired Total Checkouts Full call number Barcode Date last seen Price effective from Koha item type
          CBU-SCHOOL OF MEDICINE LIBRARY, NDOLA. CBU-SCHOOL OF MEDICINE LIBRARY, NDOLA.   11/30/2022   HM 1033 Ken 902374 11/30/2022 11/30/2022 MONOGRAPH